000 00590nam a2200193Ia 4500
005 20260120131951.0
008 008 260114s9999 xx 000 0 eng d
020 _a9781383043334
037 _aEBOOK
040 _aCRL
_beng
_cCRL
041 _aeng
_2eng
084 _qCRL
100 _aBickham
_9933353
245 0 _aSavages within the Empire: Representations of American Indians in Eighteenth-Century Britain
260 _bOxford University PressOxford University Press
_c2023
856 _uhttps://academic.oup.com/book/47777
942 _cEBOOK
999 _c1525276
_d1525276